000 00618nam a2200217 a 4500
001 BRL_1279
005 20190320211127.0
008 171213s1954----mx-a######---#000-0#spa-#
041 _aspa
044 _amx
050 4 _aGT1747
_b.A54 1954
100 1 _aAnguiano, Armando
_d1920-
_926367
245 1 0 _a250 [i.e. Doscientas cincuenta] máscaras fantásticas
_cde Armando Anguiano.
260 _aMéxico
_b[SEP]
_c1954
300 _a83 p.
_bil. (algunas a color)
_c33 cm.
500 _aEstado físico: encuadernado, enero 2016
500 _aAu1489
650 1 4 _aMáscaras
_918335
902 _aGRL
942 _2lcc
_cB
999 _c10091
_d10091